Paesi nominati nella pagina Wikipedia della Turchia - Statistics

Statistiche generali
  • Questo quiz è stato fatto 31 volte
  • Il punteggio medio è 22 su 28
Statistiche sulle risposte
Volte in cui viene nominato Indizio (basato sul motivo per cui lo stato viene nominato nella pagina Wikipedia) Paese % Corretto
2 Dopo quelle di questo paese, le forze armate turche sono le seconde più grandi della NATO Stati Uniti
100%
8 Paese confinante Grecia
96%
2 Paese confinante Iran
96%
2 Paese confinante Iraq
96%
2 Come questo paese, la Turchia partecipa al programma NATO di condivisione nucleare Italia
96%
1 Paese tra i principali partner commerciali della Turchia Russia
96%
2 Paese confinante Armenia
92%
2 Paese tra i principali partner commerciali della Turchia Cina
92%
2 Paese invaso dalla Turchia nel 1974 Cipro
92%
2 Paese confinante Georgia
92%
5 Paese confinante Siria
92%
1 Con questo paese, la Turchia è la principale potenza militare del Vicino Oriente Israele
88%
1 Paese dal quale, durante il '500, emigrarono a Istanbul alcune famiglie di ebrei sefarditi Spagna
88%
2 Paese confinante Azerbaigian
84%
2 Paese confinante Bulgaria
84%
2 Come questo paese, la Turchia partecipa al programma NATO di condivisione nucleare Germania
84%
1 Paese in cui la Turchia ha schierato truppe in missione di pace Libano
84%
1 Paese tra i principali partner commerciali della Turchia Giappone
72%
1 Terra d'origine dei turchi Kazakistan
72%
1 Paese in cui la Turchia ha schierato truppe in missione di pace Afghanistan
68%
1 Come questo paese, la Turchia partecipa al programma NATO di condivisione nucleare Belgio
68%
1 In Europa, la Turchia è il penultimo paese per tasso di alfabetizzazione, solo questo paese fa peggio Macedonia del Nord
68%
1 Come questo paese, la Turchia partecipa al programma NATO di condivisione nucleare Paesi Bassi
68%
1 Il grande poeta turco del XV secolo Mesihi nacque in questo paese Kosovo
64%
1 Durante i suoi viaggi, il poeta turco Celebi si spinse fino a questo paese Svezia
60%
1 Nel Medioevo, i bizantini chiamavano "Turchia" questo paese Ungheria
56%
1 La Turchia ha vinto l'edizione 2013 dell'Eurovision Song Contest, svoltasi in questo paese Lettonia
44%
1 Paese in cui la Turchia ha schierato truppe in missione di pace Somalia
28%
Nessun quiz corrispondente trovato
Distribuzione punteggi
Percentuale di utenti per punteggio
Percentile per numero di risposta
I tuoi punteggi nel tempo
Non hai fatto questo quiz